000 00965 a2200193 4500
001 53359
005 20260407155808.0
008 260407a1965 arg spa d
003 AR-UNSa-BCEJYS
040 _aAR-UNSa-BCEJYS
_bspa
_cAR-UNSa-BCEJYS
080 _a330.342.15
_xEconomía socialista. Economía comunista
245 1 0 _aEl cálculo económico en una economía socialista
264 1 _aBarcelona :
_bEdiciones Ariel
_c1965
300 _a157 p.
_c18 cm.
505 _a1. Tres artículos sobre el problema del cálculo económico en una economía socialista - 2. La teoría económica y los problemas de una economía socialista(1933) - 3. Una nota sobre el ahorro y la inversión en una economía socialista(1939) - 4. Revisión de la discusión sobre el cálculo económico en una economía socialista(1953) - 5. Los economistas y la teoría económica del socialismo
942 _cBK
590 _aniveau_biblio:m niveau_hierar:0
100 1 _aDobb, Maurice
999 _c5214
_d5214